| 000 -LEADER |
| fixed length control field |
nam a22 a 4500 |
| 003 - CONTROL NUMBER IDENTIFIER |
| control field |
AM-YeNLA |
| 005 - DATE AND TIME OF LATEST TRANSACTION |
| control field |
20251208165315.0 |
| 007 - PHYSICAL DESCRIPTION FIXED FIELD--GENERAL INFORMATION |
| fixed length control field |
ta |
| 008 - FIXED-LENGTH DATA ELEMENTS--GENERAL INFORMATION |
| fixed length control field |
251208s2025 ai ||||gr|||||000|0|arm|| |
| 020 ## - INTERNATIONAL STANDARD BOOK NUMBER |
| International Standard Book Number |
978-9939-876-82-5 hardback |
| 040 ## - CATALOGING SOURCE |
| Language of cataloging |
arm |
| Transcribing agency |
AM-YeNLA |
| 041 0# - LANGUAGE CODE |
| Language code of text/sound track or separate title |
arm |
| 245 00 - TITLE STATEMENT |
| Title |
Սաղմոսներ : |
| Remainder of title |
Արևելահայերեն նոր թարգմանություն / |
| Statement of responsibility, etc. |
Հայաստանի Աստվածաշնչային ընկերություն. |
| 260 ## - PUBLICATION, DISTRIBUTION, ETC. (IMPRINT) |
| Place of publication, distribution, etc. |
[Երևան] : |
| Name of publisher, distributor, etc. |
Հայաստանի Աստվածաշնչային ընկերություն, |
| Date of publication, distribution, etc. |
2025. |
| 300 ## - PHYSICAL DESCRIPTION |
| Extent |
272 էջ ; |
| Dimensions |
13 սմ. |
| 630 04 - SUBJECT ADDED ENTRY--UNIFORM TITLE |
| Uniform title |
Աստվածաշունչ : |
| Name of part/section of a work |
Սաղմոսներ |
| 710 2# - ADDED ENTRY--CORPORATE NAME |
| Corporate name or jurisdiction name as entry element |
Հայաստանի Աստվածաշնչային ընկերություն |
| 942 ## - ADDED ENTRY ELEMENTS (KOHA) |
| Source of classification or shelving scheme |
|
| Koha item type |
Books |